Loading...
| Thought - Social Science | 0 | 1 | 0 | 0 | 10 | 74 | 74.00 | 0 | 1 |
| Literature - British Lit | 0 | 1 | 0 | 1 | 10 | 158 | 158.00 | 0 | 1 |
| Literature - Euro Lit | 0 | 1 | 0 | 0 | 10 | 140 | 140.00 | 0 | 1 |
| Other - Other Academic | 0 | 1 | 0 | 0 | 10 | 129 | 129.00 | 0 | 0 |
| Other - Pop Culture | 0 | 1 | 0 | 0 | 10 | 84 | 84.00 | 1 | 1 |
| Science - Other Science | 0 | 1 | 0 | 0 | 10 | 115 | 115.00 | 0 | 1 |
| Science - Physics | 0 | 1 | 1 | 1 | 5 | 136 | 136.00 | 0 | 1 |
| Arts - Painting | 0 | 1 | 1 | 1 | 5 | 152 | 152.00 | 0 | 1 |
| Science - Chemistry | 0 | 0 | 0 | 0 | 0 | 0.00 | 0 | 0 | |
| Beliefs - Mythology | 0 | 0 | 1 | 0 | -5 | 0.00 | 0 | 0 | |
| Science - Biology | 0 | 0 | 1 | 0 | -5 | 0.00 | 0 | 0 | |
| Arts - Music | 0 | 0 | 2 | 0 | -10 | 0.00 | 0 | 0 |